<?xml version="1.0" encoding="UTF-8"?>
<record
    xmlns:xsi="http://www.w3.org/2001/XMLSchema-instance"
    xsi:schemaLocation="http://www.loc.gov/MARC21/slim http://www.loc.gov/standards/marcxml/schema/MARC21slim.xsd"
    xmlns="http://www.loc.gov/MARC21/slim">

  <leader>01205nam a2200313Ia 4500</leader>
  <controlfield tag="005">20170728111445.0</controlfield>
  <datafield tag="010" ind1=" " ind2=" ">
    <subfield code="a">BAC-EN21   ENG-112015</subfield>
  </datafield>
  <datafield tag="020" ind1=" " ind2=" ">
    <subfield code="a">9788174369383</subfield>
    <subfield code="c">295.00</subfield>
  </datafield>
  <datafield tag="035" ind1=" " ind2=" ">
    <subfield code="a">EN-95547</subfield>
  </datafield>
  <datafield tag="035" ind1=" " ind2=" ">
    <subfield code="a">B-581026-057</subfield>
  </datafield>
  <datafield tag="035" ind1=" " ind2=" ">
    <subfield code="a">B-667351</subfield>
  </datafield>
  <datafield tag="037" ind1=" " ind2=" ">
    <subfield code="b">Aakar/Ven</subfield>
    <subfield code="a">dpl</subfield>
  </datafield>
  <datafield tag="037" ind1=" " ind2=" ">
    <subfield code="b">DBAD/PUB</subfield>
  </datafield>
  <datafield tag="082" ind1=" " ind2=" ">
    <subfield code="a">921</subfield>
  </datafield>
  <datafield tag="100" ind1=" " ind2=" ">
    <subfield code="a"> Nag, Kingshuk</subfield>
  </datafield>
  <datafield tag="245" ind1=" " ind2=" ">
    <subfield code="a">The Namo story :</subfield>
    <subfield code="c">by Kingshuk Nag</subfield>
    <subfield code="b">a political life /</subfield>
  </datafield>
  <datafield tag="250" ind1=" " ind2=" ">
    <subfield code="a">rev. ed</subfield>
  </datafield>
  <datafield tag="260" ind1=" " ind2=" ">
    <subfield code="c">2014</subfield>
    <subfield code="a">New Delhi</subfield>
    <subfield code="b">Roli Books</subfield>
  </datafield>
  <datafield tag="270" ind1=" " ind2=" ">
    <subfield code="a">M-75, Greater Kailash II Market</subfield>
    <subfield code="b">New Delhi</subfield>
    <subfield code="e">110048</subfield>
  </datafield>
  <datafield tag="300" ind1=" " ind2=" ">
    <subfield code="c">22cm(pbk)</subfield>
    <subfield code="a">xiv,206p.8 pages of plates :</subfield>
    <subfield code="b">ill.</subfield>
  </datafield>
  <datafield tag="500" ind1=" " ind2=" ">
    <subfield code="a">Includes index</subfield>
  </datafield>
  <datafield tag="520" ind1=" " ind2=" ">
    <subfield code="a">Political biography of Narendra Modi, born 1950, chief minister of Gujarat, India.</subfield>
  </datafield>
  <datafield tag="600" ind1=" " ind2=" ">
    <subfield code="a">Mod&#x12B;, Narendra, </subfield>
    <subfield code="d">1950-</subfield>
  </datafield>
  <datafield tag="650" ind1=" " ind2=" ">
    <subfield code="a"> Chief ministers</subfield>
    <subfield code="z"> India</subfield>
    <subfield code="z">Gujarat</subfield>
    <subfield code="v"> Biography.</subfield>
  </datafield>
  <datafield tag="650" ind1=" " ind2=" ">
    <subfield code="a">Politicians </subfield>
    <subfield code="z">India </subfield>
    <subfield code="z">Gujarat </subfield>
    <subfield code="v"> Biography.</subfield>
  </datafield>
  <datafield tag="942" ind1=" " ind2=" ">
    <subfield code="c">EN</subfield>
    <subfield code="2">ddc</subfield>
    <subfield code="m">NAG</subfield>
    <subfield code="h">921</subfield>
  </datafield>
  <datafield tag="999" ind1=" " ind2=" ">
    <subfield code="c">88784</subfield>
    <subfield code="d">88784</subfield>
  </datafield>
  <datafield tag="952" ind1=" " ind2=" ">
    <subfield code="0">0</subfield>
    <subfield code="1">0</subfield>
    <subfield code="4">0</subfield>
    <subfield code="7">1</subfield>
    <subfield code="8">NFIC</subfield>
    <subfield code="a">DBAD</subfield>
    <subfield code="b">DBAD</subfield>
    <subfield code="d">2015-01-30</subfield>
    <subfield code="e">DBAD / PUB</subfield>
    <subfield code="g">295.00</subfield>
    <subfield code="l">0</subfield>
    <subfield code="o">921 NAG</subfield>
    <subfield code="p">EN-95547</subfield>
    <subfield code="r">2015-01-30 00:00:00</subfield>
    <subfield code="t">1</subfield>
    <subfield code="v">295.00</subfield>
    <subfield code="y">EN</subfield>
  </datafield>
  <datafield tag="952" ind1=" " ind2=" ">
    <subfield code="0">0</subfield>
    <subfield code="1">0</subfield>
    <subfield code="4">0</subfield>
    <subfield code="7">0</subfield>
    <subfield code="8">NFIC</subfield>
    <subfield code="a">L</subfield>
    <subfield code="b">L</subfield>
    <subfield code="d">2015-07-01</subfield>
    <subfield code="e">Aakar Books/1-1441/23.12.2014/167/08.12.2014/30.12.2014</subfield>
    <subfield code="g">295.00</subfield>
    <subfield code="l">7</subfield>
    <subfield code="o">921 NAG</subfield>
    <subfield code="p">B-581026</subfield>
    <subfield code="r">2023-01-24 00:00:00</subfield>
    <subfield code="s">2023-01-12</subfield>
    <subfield code="t">1</subfield>
    <subfield code="v">295.00</subfield>
    <subfield code="y">EN</subfield>
  </datafield>
  <datafield tag="952" ind1=" " ind2=" ">
    <subfield code="0">0</subfield>
    <subfield code="1">0</subfield>
    <subfield code="4">0</subfield>
    <subfield code="7">0</subfield>
    <subfield code="8">NFIC</subfield>
    <subfield code="a">M</subfield>
    <subfield code="b">M</subfield>
    <subfield code="d">2015-07-01</subfield>
    <subfield code="e">Aakar Books/1-1441/23.12.2014/167/08.12.2014/30.12.2014</subfield>
    <subfield code="g">295.00</subfield>
    <subfield code="l">0</subfield>
    <subfield code="o">921 NAG</subfield>
    <subfield code="p">B-581027</subfield>
    <subfield code="r">2015-07-01 00:00:00</subfield>
    <subfield code="t">4</subfield>
    <subfield code="v">295.00</subfield>
    <subfield code="y">EN</subfield>
  </datafield>
  <datafield tag="952" ind1=" " ind2=" ">
    <subfield code="0">0</subfield>
    <subfield code="1">0</subfield>
    <subfield code="4">0</subfield>
    <subfield code="7">0</subfield>
    <subfield code="8">NFIC</subfield>
    <subfield code="a">M</subfield>
    <subfield code="b">M</subfield>
    <subfield code="d">2015-07-01</subfield>
    <subfield code="e">Aakar Books/1-1441/23.12.2014/167/08.12.2014/30.12.2014</subfield>
    <subfield code="g">295.00</subfield>
    <subfield code="l">0</subfield>
    <subfield code="o">921 NAG</subfield>
    <subfield code="p">B-581028</subfield>
    <subfield code="r">2015-07-01 00:00:00</subfield>
    <subfield code="t">4</subfield>
    <subfield code="v">295.00</subfield>
    <subfield code="y">EN</subfield>
  </datafield>
  <datafield tag="952" ind1=" " ind2=" ">
    <subfield code="0">0</subfield>
    <subfield code="1">0</subfield>
    <subfield code="4">0</subfield>
    <subfield code="7">0</subfield>
    <subfield code="8">NFIC</subfield>
    <subfield code="a">M</subfield>
    <subfield code="b">M</subfield>
    <subfield code="d">2015-07-01</subfield>
    <subfield code="e">Aakar Books/1-1441/23.12.2014/167/08.12.2014/30.12.2014</subfield>
    <subfield code="g">295.00</subfield>
    <subfield code="l">0</subfield>
    <subfield code="o">921 NAG</subfield>
    <subfield code="p">B-581029</subfield>
    <subfield code="r">2015-07-01 00:00:00</subfield>
    <subfield code="t">4</subfield>
    <subfield code="v">295.00</subfield>
    <subfield code="y">EN</subfield>
  </datafield>
  <datafield tag="952" ind1=" " ind2=" ">
    <subfield code="0">0</subfield>
    <subfield code="1">5</subfield>
    <subfield code="4">0</subfield>
    <subfield code="7">0</subfield>
    <subfield code="8">NFIC</subfield>
    <subfield code="a">M</subfield>
    <subfield code="b">M</subfield>
    <subfield code="d">2015-07-01</subfield>
    <subfield code="e">Aakar Books/1-1441/23.12.2014/167/08.12.2014/30.12.2014</subfield>
    <subfield code="g">295.00</subfield>
    <subfield code="l">0</subfield>
    <subfield code="o">921 NAG</subfield>
    <subfield code="p">B-581030</subfield>
    <subfield code="r">2015-07-01 00:00:00</subfield>
    <subfield code="t">4</subfield>
    <subfield code="v">295.00</subfield>
    <subfield code="y">EN</subfield>
  </datafield>
  <datafield tag="952" ind1=" " ind2=" ">
    <subfield code="0">0</subfield>
    <subfield code="1">0</subfield>
    <subfield code="4">0</subfield>
    <subfield code="7">0</subfield>
    <subfield code="8">NFIC</subfield>
    <subfield code="a">NPL</subfield>
    <subfield code="b">NPL</subfield>
    <subfield code="d">2015-07-01</subfield>
    <subfield code="e">Aakar Books/1-1441/23.12.2014/167/08.12.2014/30.12.2014</subfield>
    <subfield code="g">295.00</subfield>
    <subfield code="l">0</subfield>
    <subfield code="o">921 NAG</subfield>
    <subfield code="p">B-581031</subfield>
    <subfield code="r">2015-07-01 00:00:00</subfield>
    <subfield code="t">1</subfield>
    <subfield code="v">295.00</subfield>
    <subfield code="y">EN</subfield>
  </datafield>
  <datafield tag="952" ind1=" " ind2=" ">
    <subfield code="0">0</subfield>
    <subfield code="1">0</subfield>
    <subfield code="4">0</subfield>
    <subfield code="7">0</subfield>
    <subfield code="8">NFIC</subfield>
    <subfield code="a">BL1</subfield>
    <subfield code="b">BL1</subfield>
    <subfield code="d">2015-07-01</subfield>
    <subfield code="e">Aakar Books/1-1441/23.12.2014/167/08.12.2014/30.12.2014</subfield>
    <subfield code="g">295.00</subfield>
    <subfield code="l">0</subfield>
    <subfield code="o">921 NAG</subfield>
    <subfield code="p">B-581032</subfield>
    <subfield code="r">2015-07-01 00:00:00</subfield>
    <subfield code="t">1</subfield>
    <subfield code="v">295.00</subfield>
    <subfield code="y">EN</subfield>
  </datafield>
  <datafield tag="952" ind1=" " ind2=" ">
    <subfield code="0">0</subfield>
    <subfield code="1">0</subfield>
    <subfield code="4">0</subfield>
    <subfield code="7">0</subfield>
    <subfield code="8">NFIC</subfield>
    <subfield code="a">KGM</subfield>
    <subfield code="b">KGM</subfield>
    <subfield code="d">2015-07-01</subfield>
    <subfield code="e">Aakar Books/1-1441/23.12.2014/167/08.12.2014/30.12.2014</subfield>
    <subfield code="g">295.00</subfield>
    <subfield code="l">1</subfield>
    <subfield code="o">921 NAG</subfield>
    <subfield code="p">B-581033</subfield>
    <subfield code="r">2023-08-08 00:00:00</subfield>
    <subfield code="s">2023-07-25</subfield>
    <subfield code="t">1</subfield>
    <subfield code="v">295.00</subfield>
    <subfield code="y">EN</subfield>
  </datafield>
  <datafield tag="952" ind1=" " ind2=" ">
    <subfield code="0">0</subfield>
    <subfield code="1">5</subfield>
    <subfield code="4">0</subfield>
    <subfield code="7">0</subfield>
    <subfield code="8">NFIC</subfield>
    <subfield code="a">PR</subfield>
    <subfield code="b">PR</subfield>
    <subfield code="d">2015-07-01</subfield>
    <subfield code="e">Aakar Books/1-1441/23.12.2014/167/08.12.2014/30.12.2014</subfield>
    <subfield code="g">295.00</subfield>
    <subfield code="l">0</subfield>
    <subfield code="o">921 NAG</subfield>
    <subfield code="p">B-581034</subfield>
    <subfield code="r">2015-07-01 00:00:00</subfield>
    <subfield code="t">1</subfield>
    <subfield code="v">295.00</subfield>
    <subfield code="y">EN</subfield>
  </datafield>
  <datafield tag="952" ind1=" " ind2=" ">
    <subfield code="0">0</subfield>
    <subfield code="1">0</subfield>
    <subfield code="4">0</subfield>
    <subfield code="7">0</subfield>
    <subfield code="8">NFIC</subfield>
    <subfield code="a">TN</subfield>
    <subfield code="b">TN</subfield>
    <subfield code="d">2015-07-01</subfield>
    <subfield code="e">Aakar Books/1-1441/23.12.2014/167/08.12.2014/30.12.2014</subfield>
    <subfield code="g">295.00</subfield>
    <subfield code="l">0</subfield>
    <subfield code="o">921 NAG</subfield>
    <subfield code="p">B-581035</subfield>
    <subfield code="r">2015-07-01 00:00:00</subfield>
    <subfield code="t">1</subfield>
    <subfield code="v">295.00</subfield>
    <subfield code="y">EN</subfield>
  </datafield>
  <datafield tag="952" ind1=" " ind2=" ">
    <subfield code="0">0</subfield>
    <subfield code="1">0</subfield>
    <subfield code="4">0</subfield>
    <subfield code="7">0</subfield>
    <subfield code="8">NFIC</subfield>
    <subfield code="a">CJ</subfield>
    <subfield code="b">CJ</subfield>
    <subfield code="d">2015-07-01</subfield>
    <subfield code="e">Aakar Books/1-1441/23.12.2014/167/08.12.2014/30.12.2014</subfield>
    <subfield code="g">295.00</subfield>
    <subfield code="l">0</subfield>
    <subfield code="o">921 NAG</subfield>
    <subfield code="p">B-581036</subfield>
    <subfield code="r">2015-07-01 00:00:00</subfield>
    <subfield code="t">1</subfield>
    <subfield code="v">295.00</subfield>
    <subfield code="y">EN</subfield>
  </datafield>
  <datafield tag="952" ind1=" " ind2=" ">
    <subfield code="0">0</subfield>
    <subfield code="1">0</subfield>
    <subfield code="4">0</subfield>
    <subfield code="7">0</subfield>
    <subfield code="8">NFIC</subfield>
    <subfield code="a">DIZ</subfield>
    <subfield code="b">DIZ</subfield>
    <subfield code="d">2015-07-01</subfield>
    <subfield code="e">Aakar Books/1-1441/23.12.2014/167/08.12.2014/30.12.2014</subfield>
    <subfield code="g">295.00</subfield>
    <subfield code="l">1</subfield>
    <subfield code="o">921 NAG</subfield>
    <subfield code="p">B-581037</subfield>
    <subfield code="r">2019-01-10 00:00:00</subfield>
    <subfield code="s">2019-01-09</subfield>
    <subfield code="t">1</subfield>
    <subfield code="v">295.00</subfield>
    <subfield code="y">EN</subfield>
  </datafield>
  <datafield tag="952" ind1=" " ind2=" ">
    <subfield code="0">0</subfield>
    <subfield code="1">0</subfield>
    <subfield code="4">0</subfield>
    <subfield code="7">0</subfield>
    <subfield code="8">NFIC</subfield>
    <subfield code="a">JP</subfield>
    <subfield code="b">JP</subfield>
    <subfield code="d">2015-07-01</subfield>
    <subfield code="e">Aakar Books/1-1441/23.12.2014/167/08.12.2014/30.12.2014</subfield>
    <subfield code="g">295.00</subfield>
    <subfield code="l">8</subfield>
    <subfield code="o">921 NAG</subfield>
    <subfield code="p">B-581038</subfield>
    <subfield code="r">2018-07-25 00:00:00</subfield>
    <subfield code="s">2018-07-11</subfield>
    <subfield code="t">1</subfield>
    <subfield code="v">295.00</subfield>
    <subfield code="y">EN</subfield>
  </datafield>
  <datafield tag="952" ind1=" " ind2=" ">
    <subfield code="0">0</subfield>
    <subfield code="1">0</subfield>
    <subfield code="4">0</subfield>
    <subfield code="7">0</subfield>
    <subfield code="8">NFIC</subfield>
    <subfield code="a">ZLS</subfield>
    <subfield code="b">ZLS</subfield>
    <subfield code="d">2015-07-01</subfield>
    <subfield code="e">Aakar Books/1-1441/23.12.2014/167/08.12.2014/30.12.2014</subfield>
    <subfield code="g">295.00</subfield>
    <subfield code="l">1</subfield>
    <subfield code="o">921 NAG</subfield>
    <subfield code="p">B-581039</subfield>
    <subfield code="r">2019-04-08 00:00:00</subfield>
    <subfield code="s">2019-03-25</subfield>
    <subfield code="t">1</subfield>
    <subfield code="v">295.00</subfield>
    <subfield code="y">EN</subfield>
  </datafield>
  <datafield tag="952" ind1=" " ind2=" ">
    <subfield code="0">0</subfield>
    <subfield code="1">0</subfield>
    <subfield code="4">0</subfield>
    <subfield code="7">0</subfield>
    <subfield code="8">NFIC</subfield>
    <subfield code="a">BN</subfield>
    <subfield code="b">BN</subfield>
    <subfield code="d">2015-07-01</subfield>
    <subfield code="e">Aakar Books/1-1441/23.12.2014/167/08.12.2014/30.12.2014</subfield>
    <subfield code="g">295.00</subfield>
    <subfield code="l">1</subfield>
    <subfield code="o">921 NAG</subfield>
    <subfield code="p">B-581040</subfield>
    <subfield code="r">2023-12-11 00:00:00</subfield>
    <subfield code="s">2023-11-29</subfield>
    <subfield code="t">1</subfield>
    <subfield code="v">295.00</subfield>
    <subfield code="y">EN</subfield>
  </datafield>
  <datafield tag="952" ind1=" " ind2=" ">
    <subfield code="0">0</subfield>
    <subfield code="1">0</subfield>
    <subfield code="4">0</subfield>
    <subfield code="7">0</subfield>
    <subfield code="8">NFIC</subfield>
    <subfield code="a">NRR</subfield>
    <subfield code="b">NRR</subfield>
    <subfield code="d">2015-07-01</subfield>
    <subfield code="e">Aakar Books/1-1441/23.12.2014/167/08.12.2014/30.12.2014</subfield>
    <subfield code="g">295.00</subfield>
    <subfield code="l">0</subfield>
    <subfield code="o">921 NAG</subfield>
    <subfield code="p">B-581041</subfield>
    <subfield code="r">2015-07-01 00:00:00</subfield>
    <subfield code="t">1</subfield>
    <subfield code="v">295.00</subfield>
    <subfield code="y">EN</subfield>
  </datafield>
  <datafield tag="952" ind1=" " ind2=" ">
    <subfield code="0">0</subfield>
    <subfield code="1">0</subfield>
    <subfield code="4">0</subfield>
    <subfield code="7">0</subfield>
    <subfield code="8">NFIC</subfield>
    <subfield code="a">BKK</subfield>
    <subfield code="b">BKK</subfield>
    <subfield code="d">2015-07-01</subfield>
    <subfield code="e">Aakar Books/1-1441/23.12.2014/167/08.12.2014/30.12.2014</subfield>
    <subfield code="g">295.00</subfield>
    <subfield code="l">0</subfield>
    <subfield code="o">921 NAG</subfield>
    <subfield code="p">B-581042</subfield>
    <subfield code="r">2015-07-01 00:00:00</subfield>
    <subfield code="t">1</subfield>
    <subfield code="v">295.00</subfield>
    <subfield code="y">EN</subfield>
  </datafield>
  <datafield tag="952" ind1=" " ind2=" ">
    <subfield code="0">0</subfield>
    <subfield code="1">0</subfield>
    <subfield code="4">0</subfield>
    <subfield code="7">0</subfield>
    <subfield code="8">NFIC</subfield>
    <subfield code="a">NR</subfield>
    <subfield code="b">NR</subfield>
    <subfield code="d">2015-07-01</subfield>
    <subfield code="e">Aakar Books/1-1441/23.12.2014/167/08.12.2014/30.12.2014</subfield>
    <subfield code="g">295.00</subfield>
    <subfield code="l">0</subfield>
    <subfield code="o">921 NAG</subfield>
    <subfield code="p">B-581043</subfield>
    <subfield code="r">2015-07-01 00:00:00</subfield>
    <subfield code="t">1</subfield>
    <subfield code="v">295.00</subfield>
    <subfield code="y">EN</subfield>
  </datafield>
  <datafield tag="952" ind1=" " ind2=" ">
    <subfield code="0">0</subfield>
    <subfield code="1">0</subfield>
    <subfield code="4">0</subfield>
    <subfield code="7">0</subfield>
    <subfield code="8">NFIC</subfield>
    <subfield code="a">BN</subfield>
    <subfield code="b">BN</subfield>
    <subfield code="d">2015-07-01</subfield>
    <subfield code="e">Aakar Books/1-1441/23.12.2014/167/08.12.2014/30.12.2014</subfield>
    <subfield code="g">295.00</subfield>
    <subfield code="l">0</subfield>
    <subfield code="o">921 NAG</subfield>
    <subfield code="p">B-581044</subfield>
    <subfield code="r">2015-07-01 00:00:00</subfield>
    <subfield code="t">1</subfield>
    <subfield code="v">295.00</subfield>
    <subfield code="y">EN</subfield>
  </datafield>
  <datafield tag="952" ind1=" " ind2=" ">
    <subfield code="0">0</subfield>
    <subfield code="1">0</subfield>
    <subfield code="4">0</subfield>
    <subfield code="7">0</subfield>
    <subfield code="8">NFIC</subfield>
    <subfield code="a">KV</subfield>
    <subfield code="b">KV</subfield>
    <subfield code="d">2015-07-01</subfield>
    <subfield code="e">Aakar Books/1-1441/23.12.2014/167/08.12.2014/30.12.2014</subfield>
    <subfield code="g">295.00</subfield>
    <subfield code="l">0</subfield>
    <subfield code="o">921 NAG</subfield>
    <subfield code="p">B-581045</subfield>
    <subfield code="r">2015-07-01 00:00:00</subfield>
    <subfield code="t">1</subfield>
    <subfield code="v">295.00</subfield>
    <subfield code="y">EN</subfield>
  </datafield>
  <datafield tag="952" ind1=" " ind2=" ">
    <subfield code="0">0</subfield>
    <subfield code="1">0</subfield>
    <subfield code="4">0</subfield>
    <subfield code="7">0</subfield>
    <subfield code="8">NFIC</subfield>
    <subfield code="a">MV</subfield>
    <subfield code="b">MV</subfield>
    <subfield code="d">2015-07-01</subfield>
    <subfield code="e">Aakar Books/1-1441/23.12.2014/167/08.12.2014/30.12.2014</subfield>
    <subfield code="g">295.00</subfield>
    <subfield code="l">0</subfield>
    <subfield code="o">921 NAG</subfield>
    <subfield code="p">B-581046</subfield>
    <subfield code="r">2015-07-01 00:00:00</subfield>
    <subfield code="t">1</subfield>
    <subfield code="v">295.00</subfield>
    <subfield code="y">EN</subfield>
  </datafield>
  <datafield tag="952" ind1=" " ind2=" ">
    <subfield code="0">0</subfield>
    <subfield code="1">0</subfield>
    <subfield code="4">0</subfield>
    <subfield code="7">0</subfield>
    <subfield code="8">NFIC</subfield>
    <subfield code="a">MP</subfield>
    <subfield code="b">MP</subfield>
    <subfield code="d">2015-07-01</subfield>
    <subfield code="e">Aakar Books/1-1441/23.12.2014/167/08.12.2014/30.12.2014</subfield>
    <subfield code="g">295.00</subfield>
    <subfield code="l">0</subfield>
    <subfield code="o">921 NAG</subfield>
    <subfield code="p">B-581047</subfield>
    <subfield code="r">2015-07-01 00:00:00</subfield>
    <subfield code="t">1</subfield>
    <subfield code="v">295.00</subfield>
    <subfield code="y">EN</subfield>
  </datafield>
  <datafield tag="952" ind1=" " ind2=" ">
    <subfield code="0">0</subfield>
    <subfield code="1">0</subfield>
    <subfield code="4">0</subfield>
    <subfield code="7">0</subfield>
    <subfield code="8">NFIC</subfield>
    <subfield code="a">BL4</subfield>
    <subfield code="b">BL4</subfield>
    <subfield code="d">2015-07-01</subfield>
    <subfield code="e">Aakar Books/1-1441/23.12.2014/167/08.12.2014/30.12.2014</subfield>
    <subfield code="g">295.00</subfield>
    <subfield code="l">0</subfield>
    <subfield code="o">921 NAG</subfield>
    <subfield code="p">B-581048</subfield>
    <subfield code="r">2015-07-01 00:00:00</subfield>
    <subfield code="t">1</subfield>
    <subfield code="v">295.00</subfield>
    <subfield code="y">EN</subfield>
  </datafield>
  <datafield tag="952" ind1=" " ind2=" ">
    <subfield code="0">0</subfield>
    <subfield code="1">0</subfield>
    <subfield code="4">0</subfield>
    <subfield code="7">0</subfield>
    <subfield code="8">NFIC</subfield>
    <subfield code="a">VV</subfield>
    <subfield code="b">VV</subfield>
    <subfield code="d">2015-07-01</subfield>
    <subfield code="e">Aakar Books/1-1441/23.12.2014/167/08.12.2014/30.12.2014</subfield>
    <subfield code="g">295.00</subfield>
    <subfield code="l">0</subfield>
    <subfield code="o">921 NAG</subfield>
    <subfield code="p">B-581049</subfield>
    <subfield code="r">2015-07-01 00:00:00</subfield>
    <subfield code="t">1</subfield>
    <subfield code="v">295.00</subfield>
    <subfield code="y">EN</subfield>
  </datafield>
  <datafield tag="952" ind1=" " ind2=" ">
    <subfield code="0">0</subfield>
    <subfield code="1">0</subfield>
    <subfield code="4">0</subfield>
    <subfield code="7">0</subfield>
    <subfield code="8">NFIC</subfield>
    <subfield code="a">JE</subfield>
    <subfield code="b">JE</subfield>
    <subfield code="d">2015-07-01</subfield>
    <subfield code="e">Aakar Books/1-1441/23.12.2014/167/08.12.2014/30.12.2014</subfield>
    <subfield code="g">295.00</subfield>
    <subfield code="l">0</subfield>
    <subfield code="o">921 NAG</subfield>
    <subfield code="p">B-581050</subfield>
    <subfield code="r">2015-07-01 00:00:00</subfield>
    <subfield code="t">1</subfield>
    <subfield code="v">295.00</subfield>
    <subfield code="y">EN</subfield>
  </datafield>
  <datafield tag="952" ind1=" " ind2=" ">
    <subfield code="0">0</subfield>
    <subfield code="1">0</subfield>
    <subfield code="4">0</subfield>
    <subfield code="7">0</subfield>
    <subfield code="8">NFIC</subfield>
    <subfield code="a">RC3</subfield>
    <subfield code="b">RC3</subfield>
    <subfield code="d">2015-07-01</subfield>
    <subfield code="e">Aakar Books/1-1441/23.12.2014/167/08.12.2014/30.12.2014</subfield>
    <subfield code="g">295.00</subfield>
    <subfield code="l">2</subfield>
    <subfield code="o">921 NAG</subfield>
    <subfield code="p">B-581051</subfield>
    <subfield code="r">2021-08-27 00:00:00</subfield>
    <subfield code="s">2021-08-25</subfield>
    <subfield code="t">4</subfield>
    <subfield code="v">295.00</subfield>
    <subfield code="y">EN</subfield>
  </datafield>
  <datafield tag="952" ind1=" " ind2=" ">
    <subfield code="0">0</subfield>
    <subfield code="1">0</subfield>
    <subfield code="4">0</subfield>
    <subfield code="7">0</subfield>
    <subfield code="8">NFIC</subfield>
    <subfield code="a">RC3</subfield>
    <subfield code="b">RC3</subfield>
    <subfield code="d">2015-07-01</subfield>
    <subfield code="e">Aakar Books/1-1441/23.12.2014/167/08.12.2014/30.12.2014</subfield>
    <subfield code="g">295.00</subfield>
    <subfield code="l">0</subfield>
    <subfield code="o">921 NAG</subfield>
    <subfield code="p">B-581052</subfield>
    <subfield code="r">2015-07-01 00:00:00</subfield>
    <subfield code="t">4</subfield>
    <subfield code="v">295.00</subfield>
    <subfield code="y">EN</subfield>
  </datafield>
  <datafield tag="952" ind1=" " ind2=" ">
    <subfield code="0">0</subfield>
    <subfield code="1">0</subfield>
    <subfield code="4">0</subfield>
    <subfield code="7">0</subfield>
    <subfield code="8">NFIC</subfield>
    <subfield code="a">RC3</subfield>
    <subfield code="b">RC3</subfield>
    <subfield code="d">2015-07-01</subfield>
    <subfield code="e">Aakar Books/1-1441/23.12.2014/167/08.12.2014/30.12.2014</subfield>
    <subfield code="g">295.00</subfield>
    <subfield code="l">0</subfield>
    <subfield code="o">921 NAG</subfield>
    <subfield code="p">B-581053</subfield>
    <subfield code="r">2015-07-01 00:00:00</subfield>
    <subfield code="t">4</subfield>
    <subfield code="v">295.00</subfield>
    <subfield code="y">EN</subfield>
  </datafield>
  <datafield tag="952" ind1=" " ind2=" ">
    <subfield code="0">0</subfield>
    <subfield code="1">0</subfield>
    <subfield code="4">0</subfield>
    <subfield code="7">0</subfield>
    <subfield code="8">NFIC</subfield>
    <subfield code="a">RC3</subfield>
    <subfield code="b">RC3</subfield>
    <subfield code="d">2015-07-01</subfield>
    <subfield code="e">Aakar Books/1-1441/23.12.2014/167/08.12.2014/30.12.2014</subfield>
    <subfield code="g">295.00</subfield>
    <subfield code="l">0</subfield>
    <subfield code="o">921 NAG</subfield>
    <subfield code="p">B-581054</subfield>
    <subfield code="r">2015-07-01 00:00:00</subfield>
    <subfield code="t">4</subfield>
    <subfield code="v">295.00</subfield>
    <subfield code="y">EN</subfield>
  </datafield>
  <datafield tag="952" ind1=" " ind2=" ">
    <subfield code="0">0</subfield>
    <subfield code="1">5</subfield>
    <subfield code="4">0</subfield>
    <subfield code="7">0</subfield>
    <subfield code="8">NFIC</subfield>
    <subfield code="a">RC4</subfield>
    <subfield code="b">RC4</subfield>
    <subfield code="d">2015-07-01</subfield>
    <subfield code="e">Aakar Books/1-1441/23.12.2014/167/08.12.2014/30.12.2014</subfield>
    <subfield code="g">295.00</subfield>
    <subfield code="l">0</subfield>
    <subfield code="o">921 NAG</subfield>
    <subfield code="p">B-581055</subfield>
    <subfield code="r">2015-07-01 00:00:00</subfield>
    <subfield code="t">3</subfield>
    <subfield code="v">295.00</subfield>
    <subfield code="y">EN</subfield>
  </datafield>
  <datafield tag="952" ind1=" " ind2=" ">
    <subfield code="0">0</subfield>
    <subfield code="1">0</subfield>
    <subfield code="4">0</subfield>
    <subfield code="7">0</subfield>
    <subfield code="8">NFIC</subfield>
    <subfield code="a">RC4</subfield>
    <subfield code="b">RC4</subfield>
    <subfield code="d">2015-07-01</subfield>
    <subfield code="e">Aakar Books/1-1441/23.12.2014/167/08.12.2014/30.12.2014</subfield>
    <subfield code="g">295.00</subfield>
    <subfield code="l">0</subfield>
    <subfield code="o">921 NAG</subfield>
    <subfield code="p">B-581056</subfield>
    <subfield code="r">2015-07-01 00:00:00</subfield>
    <subfield code="t">3</subfield>
    <subfield code="v">295.00</subfield>
    <subfield code="y">EN</subfield>
  </datafield>
  <datafield tag="952" ind1=" " ind2=" ">
    <subfield code="0">4</subfield>
    <subfield code="1">0</subfield>
    <subfield code="4">0</subfield>
    <subfield code="7">0</subfield>
    <subfield code="8">NFIC</subfield>
    <subfield code="a">RC4</subfield>
    <subfield code="b">RC4</subfield>
    <subfield code="d">2015-07-01</subfield>
    <subfield code="e">Aakar Books/1-1441/23.12.2014/167/08.12.2014/30.12.2014</subfield>
    <subfield code="g">295.00</subfield>
    <subfield code="l">0</subfield>
    <subfield code="o">921 NAG</subfield>
    <subfield code="p">B-581057</subfield>
    <subfield code="r">2015-07-01 00:00:00</subfield>
    <subfield code="t">3</subfield>
    <subfield code="v">295.00</subfield>
    <subfield code="y">EN</subfield>
    <subfield code="z">Written off vide C-30021/05/2022/Estt./110
dt.07.11.22   
</subfield>
  </datafield>
  <datafield tag="952" ind1=" " ind2=" ">
    <subfield code="0">0</subfield>
    <subfield code="1">0</subfield>
    <subfield code="4">0</subfield>
    <subfield code="7">0</subfield>
    <subfield code="8">NFIC</subfield>
    <subfield code="a">AV</subfield>
    <subfield code="b">AV</subfield>
    <subfield code="d">2017-07-28</subfield>
    <subfield code="e">BPPD/EN/2014-15/AV/16-17/412/15.2.2017/I-3324/01.03.2017/ 17.3.2017</subfield>
    <subfield code="g">295.00</subfield>
    <subfield code="l">4</subfield>
    <subfield code="o">921 NAG</subfield>
    <subfield code="p">B-667351</subfield>
    <subfield code="r">2020-12-02 00:00:00</subfield>
    <subfield code="s">2020-11-21</subfield>
    <subfield code="t">1</subfield>
    <subfield code="v">295.00</subfield>
    <subfield code="w">2017-07-28</subfield>
    <subfield code="y">EN</subfield>
  </datafield>
</record>
